Fish For all:Hidden Harvests (Record no. 1331)
[ view plain ]
| 000 -LEADER | |
|---|---|
| fixed length control field | 00595nam a22001817a 4500 |
| 005 - DATE AND TIME OF LATEST TRANSACTION | |
| control field | 20240627075313.0 |
| 008 - FIXED-LENGTH DATA ELEMENTS--GENERAL INFORMATION | |
| fixed length control field | 240627b |||||||| |||| 00| 0 eng d |
| 040 ## - CATALOGING SOURCE | |
| Original cataloging agency | KMU |
| Transcribing agency | KMU |
| Modifying agency | KMU |
| Description conventions | rda |
| 110 ## - MAIN ENTRY--CORPORATE NAME | |
| Corporate name or jurisdiction name as entry element | NEPAD |
| 245 ## - TITLE STATEMENT | |
| Title | Fish For all:Hidden Harvests |
| Remainder of title | /Unlocking the potential of aquaculture in Africa/Technical Review paper-Aquaculture/ |
| 260 ## - PUBLICATION, DISTRIBUTION, ETC. | |
| Place of publication, distribution, etc. | Abujah: |
| Name of publisher, distributor, etc. | NEPAD-Fish Centre, |
| Date of publication, distribution, etc. | 2005. |
| 300 ## - PHYSICAL DESCRIPTION | |
| Extent | iii,56 p.: |
| Other physical details | ill,; |
| Dimensions | 29cm |
| 521 ## - TARGET AUDIENCE NOTE | |
| Target audience note | Include bibliography and references |
| 610 ## - SUBJECT ADDED ENTRY--CORPORATE NAME | |
| Corporate name or jurisdiction name as entry element | Fish harvest |
| 610 ## - SUBJECT ADDED ENTRY--CORPORATE NAME | |
| Corporate name or jurisdiction name as entry element | Aquaculture in Africa |
| 650 ## - SUBJECT ADDED ENTRY--TOPICAL TERM | |
| Topical term or geographic name entry element | NEPAD-Fish SUMMIT |
| 942 ## - ADDED ENTRY ELEMENTS (KOHA) | |
| Koha item type | Serials |
| Suppress in OPAC | No |
| Source of classification or shelving scheme | Dewey Decimal Classification |
| Withdrawn status | Lost status | Damaged status | Not for loan | Collection | Home library | Current library | Shelving location | Date acquired | Source of acquisition | Total Checkouts | Full call number | Barcode | Date last seen | Price effective from | Koha item type |
|---|---|---|---|---|---|---|---|---|---|---|---|---|---|---|---|
| Non-fiction | Kapasa Makasa University | Kapasa Makasa University | Special Collection | 27.06.2024 | Donation | SH 121 Hid | 742424 | 27.06.2024 | 27.06.2024 | Serials | |||||
| Non-fiction | Kapasa Makasa University | Kapasa Makasa University | Special Collection | 27.06.2024 | Donation | SH 121 Hid | 742425 | 27.06.2024 | 27.06.2024 | Serials | |||||
| Non-fiction | Kapasa Makasa University | Kapasa Makasa University | Special Collection | 27.06.2024 | Donation | SH 121 Hid | 742423 | 27.06.2024 | 27.06.2024 | Serials |